| 000 | 00339nam a2200145Ia 4500 | ||
|---|---|---|---|
| 008 | 230312s9999||||xx |||||||||||||| ||und|| | ||
| 020 | _a81-239-1864-8 | ||
| 082 |
_a611 _bCHU-H |
||
| 100 | _aBD;Churasia | ||
| 245 | 0 | _aHuman Anatomy | |
| 260 |
_bCBS Publishers _aIndia _c2010 |
||
| 300 | _a466 | ||
| 650 |
_aMedical _vAnatomy |
||
| 942 | _cBK | ||
| 999 |
_c11402 _d11402 |
||